| 000 | 00610nam a2200157Ia 4500 | ||
|---|---|---|---|
| 008 | 090124s9999 xx 000 0 und d | ||
| 082 | _b134247 | ||
| 245 | _a कथा योगिनी : भाग (निवडक कथा) 1976ते 1990 | ||
| 250 | _a1 | ||
| 260 |
_bजोगळेकर योगिनी _c2006 |
||
| 300 | _a236 | ||
| 630 | _a कथा योगिनी : भाग (निवडक कथा) 1976ते 1990 | ||
| 700 | _aओक सुनेत्रा. | ||
| 730 | _a कथा योगिनी : भाग (निवडक कथा) 1976ते 1990 | ||
| 942 | _cBOOK | ||
| 999 |
_c188372 _d188372 |
||